<?xml version="1.0" encoding="UTF-8"?>
<marc:record xmlns:marc="http://www.loc.gov/MARC21/slim">
   <marc:leader>00000nam a2200000 a 4500</marc:leader>
   <marc:datafield ind1="1" ind2=" " tag="100">
      <marc:subfield code="a">Wheatle, Alex</marc:subfield>
      <marc:subfield code="4">aut</marc:subfield>
      <marc:subfield code="e">Verfasser/-in</marc:subfield>
   </marc:datafield>
   <marc:datafield ind1=" " ind2=" " tag="653">
      <marc:subfield code="a">Mädchen</marc:subfield>
   </marc:datafield>
   <marc:datafield ind1=" " ind2=" " tag="653">
      <marc:subfield code="a">Pflegefamilie</marc:subfield>
   </marc:datafield>
   <marc:datafield ind1=" " ind2=" " tag="653">
      <marc:subfield code="a">Rassismus</marc:subfield>
   </marc:datafield>
   <marc:datafield ind1=" " ind2=" " tag="653">
      <marc:subfield code="a">Freunde</marc:subfield>
   </marc:datafield>
   <marc:datafield ind1=" " ind2=" " tag="653">
      <marc:subfield code="a">Heim</marc:subfield>
   </marc:datafield>
   <marc:datafield ind1=" " ind2=" " tag="653">
      <marc:subfield code="a">Autor &lt;England&gt;</marc:subfield>
   </marc:datafield>
   <marc:datafield ind1="0" ind2="0" tag="245">
      <marc:subfield code="a">Home Girl</marc:subfield>
   </marc:datafield>
   <marc:datafield ind1=" " ind2="1" tag="264">
      <marc:subfield code="b">Kunstmann</marc:subfield>
      <marc:subfield code="c">2020</marc:subfield>
   </marc:datafield>
   <marc:datafield ind1="1" ind2=" " tag="520">
      <marc:subfield code="a">»Home Girl« ist so rasant und lustig, zärtlich, tragisch und voller Courage wie seine Heldin. Naomi ist erst 14, hat aber schon mehr Enttäuschungen und Stress erlebt als die meisten Erwachsenen je erleben werden. Ihr Vater säuft, ihre Mutter hat sich umgebracht. Jetzt kommt sie schon wieder in eine neue Pflegefamilie Die Goldings. Haben schon zwei Pflegekinder, ist doch immer dasselbe. Doch diesmal kommt alles anders: Colleen und Tony Golding sind schwarz und eigentlich ziemlich cool für Pflegeeltern. Sharyna und Pablo, ihre neuen Geschwister, sind sogar mehr als okay. Nur mit Kim und Nats, ihren Freundinnen, läuft es irgendwie nicht mehr ganz so gut, und langsam muss sich Naomi die Frage stellen, ob sie ihnen noch vertrauen kann »Home Girl« erzählt von einer Jugend im Fürsorgesystem, von tiefen Verletzungen und enttäuschten Hoffnungen, von gerechter Wut und schlechten Entscheidungen, von Rassismus und verfehlter Politik, von falschen Freunden und davon, wie Fremde zu Familie werden und, trotz allem, nach Heim über Heim, ein Zuhause entstehen könnte.</marc:subfield>
   </marc:datafield>
   <marc:datafield ind1=" " ind2=" " tag="020">
      <marc:subfield code="a">9783956143557</marc:subfield>
      <marc:subfield code="9">9783956143557</marc:subfield>
   </marc:datafield>
</marc:record>
